| 000 | 00528nam 22001693 4500 | ||
|---|---|---|---|
| 001 | 200874 | ||
| 090 | _a200874 | ||
| 100 | _a20260302d u||y0pory50 ba | ||
| 200 | _aA obra de linóleo de Álvaro Fialho | ||
| 210 |
_aMoura _cCâmara Municipal de Moura _d1987 |
||
| 215 |
_a89, [3] p. _cil. ; brochado _d27 cm |
||
| 300 | _aÁlvaro Fialho artista plástico com trabalhos em linóleo e pintura (1914- | ||
| 606 |
_914251 _aArtes Gráficas. Gravura |
||
| 675 |
_a76 _vPT _zpor |
||
| 801 |
_aPT _bBMMN _gRPC |
||
| 830 | _cVanda | ||
| 990 | _cLIVROS | ||